Alexánderson. Fisiología de los sistemas endocrino y digestivo (Registro nro. 22145)

Detalles MARC
000 -Cabecera
Campo de control interno 01234nam a22002777a 4500
005 - Fecha y hora del registro
control field 20260331152255.0
008 - Elementos de Longitud Fija
fixed length control field 260327b |||||||| |||| 00| 0 spa d
020 ## - ISBN
ISBN 9786074487367
041 ## - Idioma
Codigo Idioma ESP
082 ## - DEWEY y NOTACIÓN INTERNA
Dewey 616.4
Notación Interna A32
100 ## - AUTOR
Autor denominación Aguilar Salinas, Carlos Alberto
Término de relación autor
245 ## - TÍTULO DE MATERIAL BIBLIOGRÁFICO
Título Alexánderson. Fisiología de los sistemas endocrino y digestivo
260 ## - CIUDAD, EDITORIAL, AÑO
Ciudad Ciudad de México :
Nombre de la Editorial Editorial El Manual Moderno,
Año 2019
300 ## - DESCRIPCIÓN
N° Páginas xviii, 235 páginas :
Otros detalles ilustraciones, cuadros ;
Dimensiones 28 cm.
440 ## - MENCIÓN DE SERIE
Título de la Serie ;
650 ## - TEMAS
Temas Tecnología (Ciencias Aplicadas)
653 ## - DESCRIPTORES
Lenguajes no controlado Medicina; Endocrinología; Fisiología humana; Sistema gastrointestinal
654 ## - PROGRAMAS
Programa Dpto. de Ciencias de la Salud
700 ## - OTROS AUTORES
Otros autores Estradas Trujillo, José Alberto
Termino Relacionado autor
700 ## - OTROS AUTORES
Otros autores Hernández Martínez, María Teresa,
Termino Relacionado editor
856 ## - URL - UBICACIÓN
URI/URL: Enlace exacto del recurso <a href="https://0u216utua-y-https-accessmedicina-mhmedical-com.itmsp.museknowledge.com/">https://0u216utua-y-https-accessmedicina-mhmedical-com.itmsp.museknowledge.com/</a>
Nota pública: Versión digital <a href="Véase además: Base de datos McGraw Hill Access Medicina">Véase además: Base de datos McGraw Hill Access Medicina</a>
856 ## - URL - UBICACIÓN
URI/URL: Enlace exacto del recurso <a href="https://0u23futzm-y-https-www-clinicalkey-com.itmsp.museknowledge.com/student/login">https://0u23futzm-y-https-www-clinicalkey-com.itmsp.museknowledge.com/student/login</a>
Nota pública: Versión digital <a href="Véase además: Base de datos ClinicalKey">Véase además: Base de datos ClinicalKey</a>
856 ## - URL - UBICACIÓN
URI/URL: Enlace exacto del recurso <a href="https://0u203uu12-y-https-www-uptodate-com.itmsp.museknowledge.com/login">https://0u203uu12-y-https-www-uptodate-com.itmsp.museknowledge.com/login</a>
Nota pública: Versión digital <a href="Véase además: Base de datos UpToDate">Véase además: Base de datos UpToDate</a>
942 ## - ELEMENTOS DE KOHA
Tipo de documento Libro
Nombre del creador Justo Noguera
Código de catalogador Margarita Torres
Suppress in OPAC No
Esquema de clasificación Dewey Decimal Classification
Existencias
Codigo completo Registro Colección Copia número Disponibilidad Tipo de préstamo Biblioteca Actual Procedencia (Biblioteca) Ubicacón Fecha Ingreso Tipo de Adquisición Observación Date last seen Total checkouts Price effective from Tipo de Item Estado del Material Fuente de Clasificación Damaged status Withdrawn status
616.4 A32 1088235 Universidad Católica San Pablo 1 Disponible Disponible Víctor Andrés Belaunde Víctor Andrés Belaunde Planta baja abierta 27/03/2026 Compra Medicina 27/03/2026   27/03/2026 Libro Bueno Dewey Decimal Classification